[Event "Targu Mures ROM, Men Ch 2014"]
[Site "Targu Mures ROM"]
[Date "2014.04.29"]
[Round "5.3"]
[White "Lupulescu, Constantin"]
[Black "Dobre, Claudiu Cristian"]
[Result "1-0"]
[WhiteElo "2660"]
[BlackElo "2360"]
[PlyCount "83"]
[EventDate "2014.04.26"]
[EventType "swiss"]
[EventRounds "11"]
[EventCountry "ROM"]
[Source "Chess Mix"]

1. e4 c6 2. d4 d5 3. e5 c5 4. dxc5 Nc6 5. Bb5 e6 6. Be3 Nge7 7. c3 Bd7 8. Bxc6
Nxc6 9. f4 Ne7 10. Nf3 Nf5 11. Bf2 h5 12. O-O Qc7 13. b4 b6 14. cxb6 axb6 15.
Nd4 Rh6 16. a4 h4 17. Qb3 Nxd4 18. Bxd4 Bb5 19. Rf2 Be7 20. Nd2 Bd3 21. Qd1 Rg6
22. a5 bxa5 23. Nb3 Be4 24. Rxa5 Rxa5 25. bxa5 Qc6 26. Nd2 Bd3 27. Qb3 f5 28.
exf6 gxf6 29. Qb6 Qa4 30. Qxe6 Qa1+ 31. Nf1 Qxa5 32. f5 Rg4 33. Bxf6 Qc5 34.
Bxe7 Qxe7 35. Qxd5 Bc4 36. Qc6+ Kf8 37. h3 Re4 38. f6 Qe6 39. Qa8+ Qe8 40. Qa7
Qf7 41. Qc5+ Kg8 42. Rf5 1-0

[Event "Targu Mures ROM, Men Ch 2014"]
[Site "Targu Mures ROM"]
[Date "2014.04.30"]
[Round "6.15"]
[White "Dobre, Claudiu Cristian"]
[Black "David, Alexandru-Vasile"]
[Result "1-0"]
[WhiteElo "2360"]
[BlackElo "2166"]
[PlyCount "189"]
[EventDate "2014.04.26"]
[EventType "swiss"]
[EventRounds "11"]
[EventCountry "ROM"]
[Source "Chess Mix"]

1. g3 d5 2. d4 Nf6 3. Nf3 g6 4. Bg2 Bg7 5. O-O O-O 6. c4 dxc4 7. Qc2 b5 8. Nc3
c6 9. Ne5 b4 10. Na4 Qxd4 11. Bf4 Bf5 12. Qxc4 Qxc4 13. Nxc4 Nbd7 14. Na5 Be4
15. Bxe4 Nxe4 16. Nxc6 Nb6 17. Nxb6 axb6 18. f3 Nc5 19. Nxe7+ Kh8 20. Nd5 Bxb2
21. Rab1 Bc3 22. Rfc1 Rfd8 23. Nxb4 Bxb4 24. Rxb4 Rxa2 25. Bc7 Rdd2 26. Be5+ f6
27. Bxf6+ Kg8 28. Rxb6 Nd7 29. Rc8+ Kf7 30. Rc7 Rac2 31. Ra7 Rd1+ 32. Kf2 Rdd2
33. Kf1 Rd1+ 34. Kf2 Rdd2 35. Rxd7+ Rxd7 36. Bg5 Rdc7 37. Rf6+ Kg7 38. Re6 Kf7
39. Rf6+ Kg7 40. Rd6 R2c6 41. Rd8 Re6 42. h4 h6 43. Be3 Rce7 44. Bd4+ Kf7 45.
e3 Re8 46. Rd5 Rc8 47. f4 Rc1 48. h5 gxh5 49. Rxh5 Rc2+ 50. Kf3 Rc1 51. Ra5
Rec6 52. f5 Rc7 53. Be5 Re7 54. Bd4 Rec7 55. g4 Rf1+ 56. Kg2 Rfc1 57. Be5 Re7
58. Bf4 Rc6 59. Kg3 Rd7 60. Ra8 Rb7 61. Rh8 Rb1 62. Bxh6 Rg1+ 63. Kf3 Rf1+ 64.
Ke2 Rg1 65. g5 Rc2+ 66. Kd3 Rcc1 67. g6+ Ke7 68. Rh7+ Ke8 69. Rh8+ Ke7 70. Rh7+
Kd8 71. Bf4 Ke8 72. Be5 Rg4 73. Bd4 Rf1 74. f6 Rxg6 75. Re7+ Kf8 76. Re6 Kf7
77. Rb6 Rg8 78. Rb7+ Ke6 79. Bc3 Rc8 80. Re7+ Kf5 81. e4+ Kg6 82. Rg7+ Kh6 83.
Rg3 Rd1+ 84. Bd2+ Kh7 85. Rg7+ Kh8 86. Rd7 Rf1 87. e5 Re8 88. Re7 Rd8+ 89. Ke2
Rf5 90. Bc3 Kg8 91. Rg7+ Kh8 92. Rc7 Kg8 93. e6 Rd6 94. f7+ Kf8 95. Rc8+ 1-0

[Event "Targu Mures ROM, Men Ch 2014"]
[Site "Targu Mures ROM"]
[Date "2014.05.01"]
[Round "7.12"]
[White "Pop, Alexandru"]
[Black "Dobre, Claudiu Cristian"]
[Result "1/2-1/2"]
[WhiteElo "2286"]
[BlackElo "2360"]
[PlyCount "79"]
[EventDate "2014.04.26"]
[EventType "swiss"]
[EventRounds "11"]
[EventCountry "ROM"]
[Source "Chess Mix"]

1. d4 d5 2. c4 c6 3. Nf3 Nf6 4. e3 Bg4 5. Qb3 Qb6 6. Nc3 e6 7. Nh4 Bh5 8. h3
Be7 9. g4 Bg6 10. Nxg6 hxg6 11. Bg2 Qxb3 12. axb3 Na6 13. Bd2 g5 14. Ra4 O-O
15. e4 Nxe4 16. Nxe4 dxe4 17. Bxe4 Nc7 18. Ke2 Rfd8 19. Bc3 Rd7 20. Rd1 a6 21.
Ba5 Rc8 22. Raa1 Ne8 23. Bf3 Bd8 24. Bc3 Nf6 25. Rd2 Bb6 26. Rad1 Rcd8 27. d5
cxd5 28. Bxf6 gxf6 29. cxd5 exd5 30. Rxd5 Re7+ 31. Kf1 Rxd5 32. Rxd5 Bc7 33. b4
Kg7 34. b5 axb5 35. Rxb5 b6 36. Rb3 Re5 37. Rc3 Bd6 38. Rc6 Bc5 39. b4 Bxb4 40.
Rxb6 1/2-1/2

[Event "Targu Mures ROM, Men Ch 2014"]
[Site "Targu Mures ROM"]
[Date "2014.05.01"]
[Round "8.14"]
[White "Dobre, Claudiu Cristian"]
[Black "Samu, Sorin-Mihai"]
[Result "1-0"]
[WhiteElo "2360"]
[BlackElo "2084"]
[PlyCount "103"]
[EventDate "2014.04.26"]
[EventType "swiss"]
[EventRounds "11"]
[EventCountry "ROM"]
[Source "Chess Mix"]

1. Nf3 d6 2. d4 Nf6 3. c4 Nbd7 4. Nc3 c6 5. e4 e5 6. Be2 Be7 7. O-O O-O 8. Qc2
a6 9. Rd1 Qc7 10. Bg5 Re8 11. Rac1 Bf8 12. h3 h6 13. Bh4 g5 14. Bg3 Nh5 15. d5
Nf4 16. Nh2 c5 17. Bg4 Nf6 18. Bxc8 Qxc8 19. a3 Rb8 20. f3 b5 21. b3 Bg7 22.
Nf1 Kh8 23. Ne3 Rg8 24. Be1 h5 25. Nf5 Bf8 26. Rb1 Nh7 27. Ne2 f6 28. Kh2 Rb7
29. g3 Ng6 30. Rdc1 Qd7 31. Qd3 Ne7 32. Bd2 Nxf5 33. exf5 g4 34. fxg4 hxg4 35.
h4 Be7 36. b4 bxc4 37. Rxc4 cxb4 38. axb4 Rc7 39. Rxc7 Qxc7 40. Rc1 Qb6 41. Kg2
Qb7 42. Rc6 Ra8 43. Qc4 Bf8 44. Kf2 a5 45. bxa5 Qb1 46. Qxg4 Qd3 47. Bb4 Qxd5
48. Rc7 Re8 49. Rxh7+ Kxh7 50. Qg6+ Kh8 51. Qxe8 Qg8 52. Qh5+ 1-0

[Event "Targu Mures ROM, Men Ch 2014"]
[Site "Targu Mures ROM"]
[Date "2014.05.02"]
[Round "9.8"]
[White "Dumitrache, Dragos Nicolae"]
[Black "Dobre, Claudiu Cristian"]
[Result "1/2-1/2"]
[WhiteElo "2437"]
[BlackElo "2360"]
[PlyCount "118"]
[EventDate "2014.04.26"]
[EventType "swiss"]
[EventRounds "11"]
[EventCountry "ROM"]
[Source "Chess Mix"]

1. d4 d5 2. c4 c6 3. Nf3 Nf6 4. e3 Bg4 5. h3 Bxf3 6. Qxf3 e6 7. Nc3 Nbd7 8. Bd3
Bb4 9. Bd2 O-O 10. O-O dxc4 11. Bxc4 e5 12. Rad1 Qe7 13. Bb3 Rad8 14. a3 Bd6
15. Bc1 Rfe8 16. dxe5 Qxe5 17. g3 Nc5 18. Bc2 Nce4 19. Rd3 Nxc3 20. Rxc3 Bc7
21. Rd1 Rxd1+ 22. Qxd1 Rd8 23. Rd3 Rxd3 24. Qxd3 Qd5 25. Qxd5 cxd5 26. g4 h6
27. Kf1 Kf8 28. Bd2 Bd6 29. Bc3 Ke7 30. Ke2 g6 31. Bd4 b6 32. f3 Ke6 33. Bb3
Be5 34. Kd3 Nd7 35. f4 Bc7 36. Ba2 Nc5+ 37. Ke2 f5 38. Bg7 h5 39. gxh5 gxh5 40.
Bd4 Ne4 41. Bb3 a6 42. Bd1 h4 43. Ke1 Nd6 44. Be2 b5 45. a4 Ba5+ 46. Kd1 Nc4
47. b3 Nd6 48. Kc2 bxa4 49. Bxa6 axb3+ 50. Kxb3 Bd2 51. Kc2 Ba5 52. Kd3 Bd8 53.
Bc5 Bf6 54. Bxd6 Kxd6 55. Bc8 Bd8 56. Bxf5 Bb6 57. Ke2 Bc5 58. Kf3 Bb6 59. Bc2
Bc5 1/2-1/2

[Event "Targu Mures ROM, Men Ch 2014"]
[Site "Targu Mures ROM"]
[Date "2014.05.03"]
[Round "10.9"]
[White "Dobre, Claudiu Cristian"]
[Black "Vasiesiu, Dan"]
[Result "1-0"]
[WhiteElo "2360"]
[BlackElo "2410"]
[PlyCount "97"]
[EventDate "2014.04.26"]
[EventType "swiss"]
[EventRounds "11"]
[EventCountry "ROM"]
[Source "Chess Mix"]

1. d4 Nf6 2. Nf3 g6 3. c4 Bg7 4. Nc3 O-O 5. e4 d6 6. Be2 Na6 7. O-O e5 8. d5
Nc5 9. Qc2 a5 10. Bg5 h6 11. Bh4 g5 12. Bg3 Nh5 13. Ne1 g4 14. Nd3 Na6 15. Nd1
Qg5 16. Ne3 Nxg3 17. hxg3 h5 18. a3 Qg6 19. Nc1 Nc5 20. Bd3 a4 21. b4 axb3 22.
Nxb3 Qg5 23. Nxc5 dxc5 24. Ra2 Ra6 25. Rb1 h4 26. gxh4 Qxh4 27. g3 Qh5 28. Nf5
Bf6 29. Bf1 Re8 30. Bg2 Bg5 31. Qd3 Rf6 32. a4 Qh7 33. Re2 b6 34. Ra1 Bd7 35.
Ree1 Ra8 36. Qc3 Bxf5 37. Qxe5 Qg6 38. exf5 Rxf5 39. Qxc7 Bd2 40. Re2 Qf6 41.
Rd1 Bc3 42. d6 Bd4 43. Rxd4 Qxd4 44. Bxa8 Qa1+ 45. Kg2 Rh5 46. Qc8+ Kh7 47.
Be4+ Kh6 48. Qf8+ Kg5 49. Re1 1-0

[Event "Targu Mures ROM, Men Ch 2014"]
[Site "Targu Mures ROM"]
[Date "2014.05.04"]
[Round "11.4"]
[White "Dobre, Claudiu Cristian"]
[Black "Murariu, Andrei"]
[Result "1/2-1/2"]
[WhiteElo "2360"]
[BlackElo "2518"]
[PlyCount "101"]
[EventDate "2014.04.26"]
[EventType "swiss"]
[EventRounds "11"]
[EventCountry "ROM"]
[Source "Chess Mix"]

1. Nf3 Nf6 2. c4 e6 3. e3 b6 4. b3 Bb7 5. Bb2 Be7 6. Be2 O-O 7. O-O d6 8. Nc3
Nbd7 9. d4 c5 10. Qc2 Rc8 11. Rfd1 cxd4 12. Nxd4 Qc7 13. Rac1 Qb8 14. Bf3 Rfd8
15. Qe2 a6 16. Bxb7 Qxb7 17. Qf3 Qc7 18. h3 Bf8 19. Ne4 Nxe4 20. Qxe4 Re8 21.
Ne2 f5 22. Qf3 Nc5 23. Nf4 Qf7 24. Qe2 Rc7 25. Ba1 Rec8 26. Rc2 Qe8 27. Rdc1
Qd7 28. Bd4 Rb7 29. Ba1 Rcb8 30. b4 Ne4 31. f3 Ng5 32. h4 Nf7 33. e4 e5 34. Nd5
f4 35. g3 fxg3 36. Qg2 Nd8 37. Qxg3 Kh8 38. f4 Nc6 39. Rg2 exf4 40. Qxf4 Ne5
41. Rf1 Qe8 42. Bxe5 dxe5 43. Qg4 a5 44. a3 Rf7 45. Rxf7 Qxf7 46. Rf2 Qe8 47.
Qf5 Bd6 48. Rg2 Qf8 49. Qxf8+ Bxf8 50. Ra2 h5 51. Nf6 1/2-1/2

[Event "Ch Romania"]
[Site "Targu Mures (Romania)"]
[Date "2014.04.26"]
[Round "1"]
[White "Georgescu, Ioan Gabriel"]
[Black "Dobre, Claudiu Cristian"]
[Result "0-1"]
[WhiteElo "1926"]
[BlackElo "2347"]
[PlyCount "100"]
[EventDate "2014.??.??"]

1. d4 d5 2. c4 c6 3. Nc3 Nf6 4. Nf3 e6 5. Bg5 dxc4 6. a4 b5 7. axb5 cxb5 8. e3
Bb7 9. Nxb5 Qb6 10. Nc3 Qxb2 11. Qc1 Ba3 12. e4 Qxc1+ 13. Bxc1 Bxc1 14. Rxc1
Nxe4 15. Nxe4 Bxe4 16. Rxc4 Nc6 17. Ne5 Nxe5 18. dxe5 Bd5 19. Rg4 O-O 20. Ba6
h5 21. Rg5 Rfb8 22. O-O Rb6 23. Be2 a5 24. Rg3 a4 25. Ra3 h4 26. h3 Rb2 27. Bf3
Bxf3 28. gxf3 Rb3 29. Rfa1 Rxa3 30. Rxa3 Kh7 31. f4 Kg6 32. Kg2 Kf5 33. Kf3 Ra7
34. Ke3 g5 35. fxg5 Kxe5 36. f4+ Kf5 37. Kf3 Ra5 38. Ke3 e5 39. fxe5 Rxe5+ 40.
Kd4 Ra5 41. Rf3+ Kxg5 42. Rxf7 a3 43. Rf1 a2 44. Ra1 Kf4 45. Kd3 Kf3 46. Kd2
Ra3 47. Ke1 Ke3 48. Kf1 Kd2 49. Kg2 Kc2 50. Kh2 Kb2 0-1

[Event "Campionatul National pe Echipe - Divizi"]
[Site "Olanesti - Hotel PARANG"]
[Date "2013.10.12"]
[Round "1.2"]
[White "Varlan, Herwig Ioan"]
[Black "Dobre, Claudiu Cristian"]
[Result "0-1"]
[WhiteElo "2163"]
[BlackElo "2357"]
[PlyCount "121"]
[EventDate "2013.10.12"]
[EventType "team"]
[EventRounds "9"]
[WhiteTeam "Sah Club Ramnicu Valcea"]
[BlackTeam "Conpet Ploiesti"]

1. d4 d5 2. Nf3 Nf6 3. c4 c6 4. Nc3 e6 5. e3 Nbd7 6. Bd3 dxc4 7. Bxc4 b5 8. Bd3
a6 9. O-O c5 10. a3 Bb7 11. Qe2 Qc7 12. e4 cxd4 13. Nxd4 Bc5 14. Nb3 Ba7 15.
Bg5 O-O 16. Rac1 Qe5 17. Be3 Bxe3 18. Qxe3 Ng4 19. Qh3 f5 20. exf5 exf5 21.
Rfe1 Qf4 22. Qg3 Qxg3 23. hxg3 Nde5 24. Bf1 f4 25. gxf4 Rxf4 26. Nc5 Bc6 27.
N3e4 Nd7 28. f3 Ngf6 29. Ne6 Rxe4 30. fxe4 Ne5 31. Nc7 Ra7 32. Nd5 Kf7 33. Nc3
Rb7 34. Rcd1 Ke7 35. Rd4 Rd7 36. Rxd7+ Nfxd7 37. Rd1 Nf6 38. Rd4 Bb7 39. Be2
Nc6 40. Rd2 Ne5 41. Bf3 g5 42. Nd5+ Bxd5 43. exd5 Kd6 44. Be2 Nxd5 45. Bf3
Nxf3+ 46. gxf3 h5 47. Kf2 a5 48. Rd4 a4 49. Ke2 h4 50. Kf2 Ke5 51. Re4+ Kd6 52.
Rg4 Nf4 53. Kg1 Ke6 54. Kh2 Kf5 55. Rg1 Nd3 56. Rb1 Kf4 57. Kg2 Ke3 58. b3 Nf4+
59. Kg1 Kxf3 60. bxa4 bxa4 61. Rc1 0-1

[Event "Campionatul National pe Echipe - Divizi"]
[Site "Olanesti - Hotel PARANG"]
[Date "2013.10.13"]
[Round "2.2"]
[White "Dobre, Claudiu Cristian"]
[Black "Milu, Romeo Sorin"]
[Result "1/2-1/2"]
[WhiteElo "2357"]
[BlackElo "2377"]
[PlyCount "26"]
[EventDate "2013.10.12"]
[EventType "team"]
[EventRounds "9"]
[WhiteTeam "Conpet Ploiesti"]
[BlackTeam "Sah Club Deva"]

1. d4 Nf6 2. Nf3 g6 3. c4 Bg7 4. Nc3 O-O 5. e4 d6 6. Be2 e5 7. O-O Nc6 8. d5
Ne7 9. Ne1 Nd7 10. f3 f5 11. g4 Kh8 12. Be3 a5 13. Qd2 Ng8 1/2-1/2

[Event "Campionatul National pe Echipe - Divizi"]
[Site "Olanesti - Hotel PARANG"]
[Date "2013.10.14"]
[Round "3.2"]
[White "Ardeleanu, Alin"]
[Black "Dobre, Claudiu Cristian"]
[Result "1/2-1/2"]
[WhiteElo "2314"]
[BlackElo "2357"]
[PlyCount "69"]
[EventDate "2013.10.12"]
[EventType "team"]
[EventRounds "9"]
[WhiteTeam "Sah Club Galati"]
[BlackTeam "Conpet Ploiesti"]

1. e4 c6 2. Nc3 d5 3. Qf3 dxe4 4. Nxe4 Nd7 5. d4 Ndf6 6. c3 Nxe4 7. Qxe4 Nf6 8.
Qc2 Qd5 9. Ne2 Bf5 10. Qb3 Qxb3 11. axb3 Nd5 12. b4 e6 13. Nf4 Bd6 14. Nd3 Bxd3
15. Bxd3 a6 16. O-O Kd7 17. Re1 h5 18. h4 b5 19. Bg5 Ra7 20. Ra2 Rha8 21. Rea1
Bc7 22. Bd2 Bb6 23. Kf1 g6 24. Ke2 a5 25. bxa5 Rxa5 26. Rxa5 Rxa5 27. Rxa5 Bxa5
28. g3 Bc7 29. Bh6 e5 30. Bg7 exd4 31. Bxd4 Ke6 32. Kd2 f5 33. Ke2 Bd6 34. Ba7
Be7 35. Be3 1/2-1/2

[Event "Campionatul National pe Echipe - Divizi"]
[Site "Olanesti - Hotel PARANG"]
[Date "2013.10.15"]
[Round "4.2"]
[White "Dobre, Claudiu Cristian"]
[Black "Bogdan , Dan"]
[Result "0-1"]
[WhiteElo "2357"]
[BlackElo "2367"]
[PlyCount "56"]
[EventDate "2013.10.12"]
[EventType "team"]
[EventRounds "9"]
[WhiteTeam "Conpet Ploiesti"]
[BlackTeam "CS Sinandrei Timis"]

1. d4 d6 2. c4 e5 3. dxe5 dxe5 4. Qxd8+ Kxd8 5. Nc3 c6 6. Nf3 f6 7. e4 Be6 8.
Be3 Nd7 9. O-O-O Kc7 10. Na4 g6 11. Be2 Bh6 12. Bxh6 Nxh6 13. Nd2 Nf7 14. b3 b6
15. Kb2 h5 16. h4 Nd8 17. Nc3 a5 18. a3 Bf7 19. Nf1 Ne6 20. Ne3 Nd4 21. Bf1 Nc5
22. g3 Ndxb3 23. Bh3 Rad8 24. Kc2 Rd4 25. Ne2 Rhd8 26. Nxd4 exd4 27. Nf1 Bxc4
28. f3 Be2 0-1

[Event "Campionatul National pe Echipe - Divizi"]
[Site "Olanesti - Hotel PARANG"]
[Date "2013.10.17"]
[Round "6.2"]
[White "Dobre, Claudiu Cristian"]
[Black "Tugui, Adrian"]
[Result "1/2-1/2"]
[WhiteElo "2357"]
[BlackElo "2389"]
[PlyCount "101"]
[EventDate "2013.10.12"]
[EventType "team"]
[EventRounds "9"]
[WhiteTeam "Conpet Ploiesti"]
[BlackTeam "Sah Club Oltenia"]

1. e4 c5 2. Nf3 d6 3. Bb5+ Nd7 4. c4 a6 5. Ba4 g6 6. d4 Bg7 7. O-O cxd4 8. Nxd4
Qb6 9. Nb3 Qb4 10. Bxd7+ Bxd7 11. Na3 Nf6 12. Bd2 Qb6 13. Bc3 Qd8 14. Qe2 O-O
15. Rfd1 Qc8 16. Rac1 Bc6 17. f3 b6 18. Nc2 Qb7 19. Nb4 Ba4 20. Qf2 Rab8 21.
Nd5 Nxd5 22. cxd5 Bxb3 23. axb3 Rfc8 24. Qd2 Rc5 25. Bxg7 Kxg7 26. b4 Rxc1 27.
Rxc1 Rc8 28. Rc3 b5 29. Qc2 Qb6+ 30. Kf1 Rxc3 31. Qxc3+ f6 32. h4 h5 33. f4 Kf7
34. f5 Qa7 35. b3 Qb6 36. g3 Qa7 37. Kg2 Qb6 38. Kf1 Qa7 39. Kg2 Qb6 40. Qd2
Kg7 41. Kh2 Qa7 42. Kh1 Qb6 43. Kg2 Qa7 44. Qc3 Qb6 45. fxg6 Kxg6 46. Qc8 Qe3
47. Qg8+ Kh6 48. Qf8+ Kg6 49. Qg8+ Kh6 50. Qh8+ Kg6 51. Qg8+ 1/2-1/2

[Event "Campionatul National pe Echipe - Divizi"]
[Site "Olanesti - Hotel PARANG"]
[Date "2013.10.18"]
[Round "7.2"]
[White "Oltean, Liviu Ioan"]
[Black "Dobre, Claudiu Cristian"]
[Result "1/2-1/2"]
[WhiteElo "2348"]
[BlackElo "2357"]
[PlyCount "37"]
[EventDate "2013.10.12"]
[EventType "team"]
[EventRounds "9"]
[WhiteTeam "CSM Cluj Napoca"]
[BlackTeam "Conpet Ploiesti"]

1. e4 c6 2. Nf3 d5 3. Nc3 Bg4 4. h3 Bxf3 5. Qxf3 e6 6. g3 Nf6 7. Bg2 dxe4 8.
Nxe4 Nxe4 9. Qxe4 Qd5 10. O-O Qxe4 11. Bxe4 Nd7 12. d4 O-O-O 13. c3 Nf6 14. Bg2
Nd5 15. Bg5 Rd7 16. Rad1 Be7 17. Bxe7 Rxe7 18. Rfe1 Rd7 19. Rd3 1/2-1/2

[Event "Campionatul National pe Echipe - Divizi"]
[Site "Olanesti - Hotel PARANG"]
[Date "2013.10.19"]
[Round "8.2"]
[White "Raducanu, Andrei-Augustin"]
[Black "Dobre, Claudiu Cristian"]
[Result "0-1"]
[WhiteElo "2081"]
[BlackElo "2357"]
[PlyCount "88"]
[EventDate "2013.10.12"]
[EventType "team"]
[EventRounds "9"]
[WhiteTeam "Chindia Targoviste"]
[BlackTeam "Conpet Ploiesti"]

1. Nf3 d5 2. g3 c6 3. Bg2 Nd7 4. d4 Ngf6 5. O-O e6 6. b3 b6 7. c4 Bb7 8. Nc3
Be7 9. Bb2 O-O 10. Nd2 c5 11. e3 cxd4 12. exd4 Rc8 13. Re1 Nb8 14. a3 Bc6 15.
cxd5 Nxd5 16. Nce4 Bb7 17. Nc4 Nc6 18. Qe2 Na5 19. Nxa5 bxa5 20. Rac1 Qb6 21.
Nc5 Rfd8 22. Be4 Ba8 23. Bc2 Nf6 24. f3 Bxc5 25. dxc5 Qxc5+ 26. Kg2 Qg5 27.
Bxf6 Qxf6 28. Red1 Rxd1 29. Qxd1 Rd8 30. Bd3 g6 31. Qe2 Bxf3+ 32. Qxf3 Qxf3+
33. Kxf3 Rxd3+ 34. Ke4 Rxb3 35. Rc7 a6 36. g4 h6 37. Ke5 Kg7 38. Kd6 Rxa3 39.
Ke7 Rf3 40. Rc4 g5 41. Rc6 Rf4 42. h3 Rf3 43. Rxa6 Rxh3 44. Ra7 Rf3 0-1

[Event "Campionatul National pe Echipe - Divizi"]
[Site "Olanesti - Hotel PARANG"]
[Date "2013.10.20"]
[Round "9.2"]
[White "Dobre, Claudiu Cristian"]
[Black "Gulie, Cosmin"]
[Result "1-0"]
[WhiteElo "2357"]
[BlackElo "2089"]
[PlyCount "51"]
[EventDate "2013.10.12"]
[EventType "team"]
[EventRounds "9"]
[WhiteTeam "Conpet Ploiesti"]
[BlackTeam "CS Universitatea Targoviste"]

1. d4 d5 2. Nf3 Nf6 3. c4 e6 4. Bg5 Nbd7 5. e3 c6 6. Nbd2 Be7 7. Bd3 h6 8. Bf4
b6 9. O-O Bb7 10. Rc1 O-O 11. h3 c5 12. a3 cxd4 13. exd4 Rc8 14. Qe2 a6 15. Bb1
Re8 16. Ne5 Nxe5 17. dxe5 Nh7 18. cxd5 Rxc1 19. Rxc1 Bxd5 20. Qxa6 Bg5 21. Qa4
Rf8 22. Qd4 Bxg2 23. Bxh7+ Kxh7 24. Bxg5 hxg5 25. Nc4 Bxh3 26. Nxb6 1-0

[Event "Arad Open 2013"]
[Site "Arad ROU"]
[Date "2013.08.04"]
[Round "3.19"]
[White "Pitica Silviu Valentin (ITA)"]
[Black "Dobre, Claudiu Cristian"]
[Result "0-1"]
[WhiteElo "1875"]
[BlackElo "2331"]
[PlyCount "60"]
[EventDate "2013.08.03"]

1. Nf3 d5 2. d4 Nf6 3. g3 Bg4 4. Bg2 c6 5. Ne5 Bf5 6. c4 e6 7. O-O Nbd7 8. Nxd7
Qxd7 9. b3 Be7 10. Bb2 O-O 11. Nd2 a5 12. a3 Qc7 13. Re1 Rfd8 14. Qc1 Rac8 15.
e4 dxe4 16. Nxe4 Nxe4 17. Bxe4 Bxe4 18. Rxe4 Bf6 19. Qe3 Rd7 20. Kg2 Rcd8 21.
Rd1 c5 22. h4 h5 23. g4 hxg4 24. Rxg4 cxd4 25. Qd3 Rc8 26. a4 Qc5 27. Rh1 Qh5
28. Qf3 Rc5 29. Qg3 Be5 30. Qf3 Qf5 0-1

[Event "Arad Open 2013"]
[Site "Arad ROU"]
[Date "2013.08.08"]
[Round "8.5"]
[White "Murariu, Andrei"]
[Black "Dobre, Claudiu Cristian"]
[Result "1/2-1/2"]
[WhiteElo "2533"]
[BlackElo "2331"]
[PlyCount "100"]
[EventDate "2013.08.03"]

1. e4 c6 2. d4 d5 3. e5 c5 4. Nf3 Nc6 5. c4 cxd4 6. Nxd4 dxc4 7. Nxc6 Qxd1+ 8.
Kxd1 bxc6 9. Bxc4 e6 10. Nd2 Ne7 11. Nb3 a5 12. a4 Ng6 13. f4 Bb4 14. Be3 Ba6
15. Rc1 O-O 16. Ke2 Ne7 17. Bxa6 Rxa6 18. Nc5 Bxc5 19. Bxc5 Re8 20. Bxe7 Rxe7
21. Rhd1 Kf8 22. Rd8+ Re8 23. Rxe8+ Kxe8 24. Rc5 Kd7 25. g4 Ra8 26. Ke3 Kc7 27.
h4 Rb8 28. Rxa5 Rb3+ 29. Kd4 Kb6 30. Ra8 Rb4+ 31. Kc3 Rxf4 32. Rb8+ Ka5 33.
Ra8+ Kb6 34. Rf8 Rxg4 35. b4 c5 36. a5+ Ka6 37. bxc5 Kb5 38. Rxf7 Rxh4 39. Rxg7
Ra4 40. Rxh7 Rxa5 41. Rc7 Ra3+ 42. Kd4 Ra4+ 43. Kd3 Rh4 44. Rc8 Rg4 45. Ke3 Rc4
46. Re8 Kxc5 47. Rxe6 Kd5 48. Re8 Re4+ 49. Kf3 Rxe5 50. Rxe5+ Kxe5 1/2-1/2

[Event "Campionatul National individual  de sen"]
[Site "Olanesti"]
[Date "2013.02.18"]
[Round "4.4"]
[White "Lupulescu, Constantin"]
[Black "Dobre, Claudiu Cristian"]
[Result "1-0"]
[WhiteElo "2612"]
[BlackElo "2292"]
[PlyCount "59"]
[EventDate "2013.02.16"]
[EventRounds "9"]

1. d4 d5 2. c4 c6 3. Nf3 Nf6 4. Nc3 e6 5. Bg5 Nbd7 6. cxd5 exd5 7. e3 Be7 8.
Bd3 O-O 9. Qc2 Re8 10. h3 Nf8 11. O-O-O a5 12. Kb1 a4 13. a3 Qa5 14. Ne5 N6d7
15. Bxe7 Rxe7 16. Nf3 b6 17. g4 Ba6 18. g5 Bc4 19. Bxc4 dxc4 20. d5 Nc5 21. Nd4
Rc7 22. Nxc6 Qa6 23. Nb4 Qa5 24. d6 Rcc8 25. Ncd5 Ng6 26. Nc7 Rxc7 27. dxc7 b5
28. Nd5 Ne6 29. Qd2 Qa7 30. Ne7+ 1-0

[Event "Campionatul National individual  de sen"]
[Site "Olanesti"]
[Date "2013.02.19"]
[Round "5.15"]
[White "Dobre, Claudiu Cristian"]
[Black "Ifrim, Silviu"]
[Result "1-0"]
[WhiteElo "2292"]
[BlackElo "2138"]
[PlyCount "87"]
[EventDate "2013.02.16"]
[EventRounds "9"]

1. d4 Nf6 2. c4 c5 3. Nf3 cxd4 4. Nxd4 b6 5. Nc3 Bb7 6. f3 d6 7. Bg5 a6 8. e4
e6 9. Be2 Be7 10. Qd2 Nbd7 11. O-O O-O 12. Rac1 Rc8 13. Kh1 Qc7 14. Rfd1 Qb8
15. Na4 Bc6 16. Nxc6 Rxc6 17. Nc3 Rfc8 18. Qe1 Ne5 19. b3 Ng6 20. Bf1 h6 21.
Be3 Nd7 22. f4 Bf6 23. e5 Be7 24. g3 Qc7 25. exd6 Rxd6 26. Ne4 Rxd1 27. Rxd1
Nf6 28. Nxf6+ Bxf6 29. Qf2 Rb8 30. f5 exf5 31. Qxf5 Qe7 32. Bf2 Qa3 33. Qc2 Ne5
34. Bg2 Ng4 35. Bg1 Qe7 36. Qf5 Ne3 37. Qf4 Re8 38. Re1 Bg5 39. Qf3 h5 40. Qxh5
Qd8 41. h4 Nxg2 42. Rxe8+ Qxe8 43. Kxg2 Bf6 44. Qd5 1-0

[Event "Campionatul National individual  de sen"]
[Site "Olanesti"]
[Date "2013.02.21"]
[Round "7.20"]
[White "Dobre, Claudiu Cristian"]
[Black "Mihailov, Iulian"]
[Result "1-0"]
[WhiteElo "2292"]
[BlackElo "2112"]
[PlyCount "59"]
[EventDate "2013.02.16"]
[EventRounds "9"]

1. b3 d5 2. Bb2 Bg4 3. Nf3 Bxf3 4. exf3 Nf6 5. d4 e6 6. Nd2 Bd6 7. g3 Nbd7 8.
f4 Qe7 9. Bg2 h5 10. c4 c6 11. Qe2 h4 12. O-O-O b6 13. Kb1 Ba3 14. Rc1 a5 15.
cxd5 cxd5 16. Bxa3 Qxa3 17. f5 a4 18. fxe6 fxe6 19. Qxe6+ Kd8 20. Rc2 Re8 21.
Qc6 axb3 22. Nxb3 hxg3 23. hxg3 Ra7 24. Bxd5 Nxd5 25. Qxd5 Qb4 26. Rhc1 Re1 27.
Qg8+ Ke7 28. Qxg7+ Ke6 29. Rc6+ Kf5 30. Qg6# 1-0

[Event "Campionatul National individual  de sen"]
[Site "Olanesti"]
[Date "2013.02.21"]
[Round "8.12"]
[White "Dobre, Claudiu Cristian"]
[Black "Georgescu, Tiberiu-Marian"]
[Result "1-0"]
[WhiteElo "2292"]
[BlackElo "2396"]
[PlyCount "71"]
[EventDate "2013.02.16"]
[EventRounds "9"]

1. e4 e6 2. d4 d5 3. exd5 exd5 4. Bd3 Nc6 5. c3 Bd6 6. Qf3 Be6 7. Ne2 Qd7 8.
Bf4 Nge7 9. Bxd6 Qxd6 10. Qg3 Qxg3 11. hxg3 O-O-O 12. Nd2 Bf5 13. Bxf5+ Nxf5
14. g4 Nd6 15. O-O-O h6 16. Nf4 Ne8 17. g5 Rd6 18. Nf3 Nd8 19. Ne5 Rf8 20. gxh6
gxh6 21. Ng4 Rh8 22. Rh5 Nf6 23. Rxh6 Rxh6 24. Nxh6 Nh5 25. Nxf7 Nxf4 26. Nxd6+
cxd6 27. g3 Nh3 28. Rf1 Ng5 29. f3 Kd7 30. Kd2 Ke6 31. Ke3 Kf6 32. Rh1 Ndf7 33.
g4 b5 34. a4 a6 35. axb5 axb5 36. Ra1 1-0

[Event "Campionatul National individual  de sen"]
[Site "Olanesti"]
[Date "2013.02.22"]
[Round "9.9"]
[White "Grigore, Nicolae Petre"]
[Black "Dobre, Claudiu Cristian"]
[Result "1/2-1/2"]
[WhiteElo "2385"]
[BlackElo "2292"]
[PlyCount "83"]
[EventDate "2013.02.16"]
[EventRounds "9"]

1. e4 c6 2. d4 d5 3. Nd2 dxe4 4. Nxe4 Bf5 5. Ng3 Bg6 6. h4 h6 7. Nf3 Nd7 8. h5
Bh7 9. Bd3 Bxd3 10. Qxd3 Ngf6 11. Bd2 e6 12. O-O-O Qc7 13. Ne4 Be7 14. Kb1
O-O-O 15. g3 c5 16. Nxf6 Bxf6 17. Bf4 Qc6 18. Rhe1 Rhe8 19. Qe2 c4 20. Nd2 Nb6
21. Ne4 Be7 22. c3 Nd5 23. Bc1 Bf8 24. g4 b5 25. Bd2 Rd7 26. f4 Rb7 27. Rc1 Kb8
28. Qf1 Ka8 29. f5 e5 30. dxe5 Rxe5 31. Ng3 Rbe7 32. Ne2 Nf6 33. Nd4 Rxe1 34.
Rxe1 Rxe1+ 35. Qxe1 Qe4+ 36. Qxe4+ Nxe4 37. Kc2 a6 38. a4 Bc5 39. Nc6 f6 40.
Nd8 Nf2 41. Ne6 Nxg4 42. Nxg7 1/2-1/2